Biblioteca

A commentary on the Revelation of John (Registro nro. 33745)

Detalles MARC
000 -LÍDER
Campo fijo de descripción fija 00832nam a22002657a 4500
001 - NÚMERO DE CONTROL
Campo de control 3030
003 - IDENTIFICADOR DEL NÚMERO DE CONTROL
Campo de control CO-MdFUSB
005 - FECHA Y HORA DE LA ULTIMA TRANSACCIÓN
control field 20180622073128.0
008 - ELEMENTOS DE LONGITUD FIJA -- INFORMACIÓN GENERAL
Campo fijo de descripción fija -- Información general 180420t1972 xxu||||| |||| 00| 0 eng d
020 ## - NÚMERO INTERNACIONAL NORMALIZADO PARA LIBROS
Número Internacional Normalizado del libro 0-8028-3405-1
040 ## - FUENTE DE CATALOGACIÓN
Agencia de catalogación original CO-MdFUSB
Idioma de catalogación spa
Agencia que realiza la transcripción CO-MdFUSB
Agencia que realiza la modificación CO-MdFUSBC
Convenciones de la descripción rda
041 0# - CÓDIGO DE IDIOMA
Código de idioma para texto/pista de sonido o título separado eng
082 04 - NÚMERO DE CLASIFICACIÓN DECIMAL DEWEY
Número de clasificación G 228 L154c
100 1# - ASIENTO PRINCIPAL--NOMBRE PERSONAL
Nombre personal Ladd, George Eldon (1911-)
Término relacionador autor
245 12 - TÍTULO
Título del Material A commentary on the Revelation of John
Mención de responsabilidad, etc. / George Eldon Ladd
250 ## - MENCIÓN DE EDICIÓN
Mención de edición 2
264 #4 - PRODUCCIÓN, PUBLICACIÓN, DISTRIBUCIÓN, MANUFACTURA, Y COPYRIGHT
Lugar de producción, publicación, distribución, manufactura Grand Rapids, Michigan :
Nombre del productor, publicador, distribuidor Eerdmans,
Fecha de producción, publicación, distribución, manufactura, o copyright ©1972
300 ## - DESCRIPCIÓN FÍSICA
Extensión 308 Pag.
336 ## - TIPO DE CONTENIDO
Fuente rdacontent
Término de tipo de contenido texto
Código de tipo de contenido txt
337 ## - TIPO DE MEDIO
Fuente rdamedia
Nombre del tipo de medio sin mediación
Código del tipo de medio n
338 ## - TIPO DE SOPORTE
Fuente rdacarrier
Nombre del tipo de soporte volumen
Código Tipo de soporte nc
653 ## - TÉRMINO DE INDIZACIÓN - NO CONTROLADO
Término no controlado Biblia N.T. - Apocalipsis - Comentarios
700 1# - ASIENTO SECUNDARIO - NOMBRE PERSONAL
Nombre personal Professor of New Testament Theology and Exegesis Fuller Theology Seminary
942 ## - TIPO DE MATERIAL (KOHA)
Tipo de Item KOHA Libros General
Existencias
Estado de Material Estado de Perdido Estado de Dañado No para Préstamo Colección Tomo Biblioteca de Origen Biblioteca Permanente Fecha de Adquisición Total de Préstamos Total de Renovaciones Signatura Topográfica Código de Barras Última vez visto Última vez Préstado Ejemplar/Existencia Fecha de Remplazo Tipo de Material
        Colección General   Biblioteca FUSBC Biblioteca FUSBC 30/11/2004 3 1 G 228 L154c 11659 16/11/2023 15/11/2023 1 26/01/2016 Libros General

Biblioteca FUSBC | Teléfono: (57+4) 349 88 10 Ext. 141| WhatsApp (+57) 3005338115 
E-mail: biblioteca@unisbc.edu.co | Calle 76 87-14 Robledo Palenque, Medellín, Colombia

Con tecnología Koha